Statistics for Boston Bruins Roster 2022

Click here to take the quiz!

General Stats

  • This quiz has been taken 1,475 times
    (694 since last reset)
  • The average score is 12 of 24

Answer Stats

Pos, #BirthplacePlayer% Correct
F, 37Quebec, CANPatrice Bergeron
92%
F, 88Moravskoslezsko, CZEDavid Pastrňák
90%
G, 1Alaska, USAJeremy Swayman
83%
G, 35Ångermanland, SWELinus Ullmark
83%
F, 71Alberta, CANTaylor Hall
74%
F, 13Massachusetts, USACharlie Coyle
73%
F, 74Alberta, CANJake DeBrusk
72%
F, 46Olomouc, CZEDavid Krejčí
65%
D, 27Skåne, SWEHampus Lindholm
64%
F, 17New York, USANick Foligno
49%
F, 92Pardubice, CZETomáš Nosek
48%
F, 11Missouri, USATrent Frederic
48%
F, #Jižní Čechy, CZEPavel Zacha
45%
D, 75New Jersey, USAConnor Clifton
44%
F, 12Wisconsin, USACraig Smith
41%
D, 28Minnesota, USADerek Forbort
39%
D, 48Massachusetts, USAMatt Grzelcyk
34%
D, 67Jižní Morava, CZEJakub Zboril
33%
F, 10Quebec, CANA.J. Greer
32%
F, 94Praha, CZEJakub Lauko
32%
D, 6Illinois, USAMike Reilly
27%
F, 14Massachusetts, USAChris Wagner
21%
F, 23Ontario, CANJack Studnicka
15%
D, 44Ontario, CANDaniel Renouf
4%

Score Distribution

Percentile by Number Answered

Percent of People with Each Score

Your Score History

You have not taken this quiz since the last reset